Montgomery's Auditing (Record no. 3070)
[ view plain ]
| 005 - DATE AND TIME OF LATEST TRANSACTION | |
|---|---|
| control field | 20250603074158.0 |
| 020 ## - INTERNATIONAL STANDARD BOOK NUMBER | |
| International Standard Book Number | 0-471-14063-5 |
| 082 ## - DEWEY DECIMAL CLASSIFICATION NUMBER | |
| Classification number | LECT 657.45 O'RE |
| 100 ## - MAIN ENTRY--PERSONAL NAME | |
| Author name | O'REILLY, V. M. |
| 245 ## - TITLE STATEMENT | |
| Title | Montgomery's Auditing |
| 250 ## - EDITION STATEMENT | |
| Edition statement | 12th Ed. |
| 260 ## - PUBLICATION, DISTRIBUTION, ETC. | |
| Place of publication, distribution, etc. | Canada, |
| Name of publisher, distributor, etc. | John Wiley & Sons, Inc., |
| Date of publication, distribution, etc. | 1998. |
| 300 ## - PHYSICAL DESCRIPTION | |
| Extent | xlii, 1265p.: ill.; figure, table. |
| Other physical details | Index, |
| Dimensions | 26cm. |
| 700 ## - ADDED ENTRY--PERSONAL NAME | |
| Other authors/Editors | McDONNELL, P. J. & WINOGRAD, B. N. & GERSON, J. S. & JAENICKE, H. R. |
| 942 ## - ADDED ENTRY ELEMENTS (KOHA) | |
| Source of classification or shelving scheme | Dewey Decimal Classification |
| Koha item type | Books |
No items available.
